<?xml version="1.0" encoding="UTF-8"?><OAI-PMH xmlns="http://www.openarchives.org/OAI/2.0/" xmlns:xsi="http://www.w3.org/2001/XMLSchema-instance"     xsi:schemaLocation="http://www.openarchives.org/OAI/2.0/ http://www.openarchives.org/OAI/2.0/OAI-PMH.xsd"><responseDate>2026-05-16T06:32:07Z</responseDate><request verb="GetRecord" identifier="oai:regmurcia.com:fintegr.757" metadataPrefix="marc21">http://oai.regmurcia.com/oai2/oai2.php</request><GetRecord><record><header><identifier>oai:regmurcia.com:fintegr.757</identifier><datestamp>2026-05-16</datestamp><setSpec>documentos</setSpec></header><metadata><record  xmlns="http://www.loc.gov/MARC21/slim" xmlns:xsi="http://www.w3.org/2001/XMLSchema-instance" xsi:schemaLocation="http://www.loc.gov/MARC21/slim http://www.loc.gov/standards/marcxml/schema/MARC21slim.xsd" type="Bibliographic"><leader>00000nam a2200000   4500</leader><controlfield tag="001" >005073174</controlfield><controlfield tag="003" >757</controlfield><controlfield tag="004" >A00000000</controlfield><datafield tag="245" ind1=" " ind2=" "><subfield code="a">Testimonio del pago de 3.524 maravedís que Gonzalo Gutiérrez de la Moneda, que fue mayordomo del concejo, ha de hacer a Juan Pérez de Valladolid por sus tareas de limpieza en la acequia mayor de la Alquibla.</subfield></datafield><datafield tag="300" ind1=" " ind2=" "><subfield code="c">221 x 152 mm.</subfield></datafield><datafield tag="300" ind1=" " ind2=" "><subfield code="a">3 fol.</subfield></datafield><datafield tag="351" ind1=" " ind2=" "><subfield code="a">Unidad Documental</subfield><subfield code="c">Archivo de Murcia. Array</subfield><subfield code="a">Unidad Documental</subfield><subfield code="c">Archivo de Murcia. Array</subfield></datafield><datafield tag="351" ind1=" " ind2=" "><subfield code="b">Nº 34</subfield></datafield><datafield tag="506" ind1=" " ind2=" "><subfield code="a">Acceso restringido</subfield></datafield><datafield tag="520" ind1=" " ind2=" "><subfield code="a">El documento incluye:&lt;/br&gt;- Presentación por Juan Pérez de Valladolid, jurado de Murcia, de una carta de Bartolomé Gallardo, mayordomo del concejo. (1444-10-27. Murcia). Fol. 1r-v&lt;/br&gt;- Carta del mayordomo Bartolomé Gallardo a Gutierre González de la Moneda, su antecesor en el cargo, ordenándole pagar a Juan Pérez de Valladolid los 3.524 maravedís que se le deben por las tareas del acondicionamiento de la acequia mayor de la Alquibla que éste realizó. (1444-10-16. Murcia). Insertado.&lt;/br&gt;- Presentada la carta, se ordena al teniente de alguacil que obligue al dicho Gutierre González el pago de esa cantidad a Juan Pérez de Valladolid (1444-10-27. Murcia). Fol. 2r-v&lt;/br&gt;- Íñigo Pacheco, teniente de alguacil, aucude a la casa de Gutierre González, y hace relación de los bienes que éste posee para que sean embargados y poder pagar así a Juan Pérez de Valladolid.  (1444-10-27. Murcia). Fol. 2v-3v</subfield></datafield><datafield tag="583" ind1=" " ind2=" "><subfield code="u">http://www.regmurcia.com/servlet/s.Sl?METHOD=VERDOCUMENTO&amp;sit=serv,Carmesi&amp;n=/01/1216/indice.djvu</subfield></datafield><datafield tag="592" ind1=" " ind2=" "><subfield code="a">1444-10-27</subfield></datafield><datafield tag="592" ind1=" " ind2=" "><subfield code="d">1444-10-27 00:00:00</subfield></datafield><datafield tag="651" ind1=" " ind2=" "><subfield code="a">Murcia</subfield></datafield><datafield tag="786" ind1=" " ind2=" "><subfield code="o">http://www.regmurcia.com/servlet/s.Sl?METHOD=VERDOCUMENTO&amp;sit=serv,Carmesi&amp;n=/01/1216/indice.djvu</subfield></datafield><datafield tag="856" ind1=" " ind2=" "><subfield code="u">http://www.regmurcia.com/servlet/s.Sl?METHOD=DETALLE&amp;sit=c,373,m,139,serv,Carmesi&amp;id=757</subfield></datafield></record></metadata></record></GetRecord></OAI-PMH>
